000
00281nam a2200121Ia 4500
008
190722s9999 xx 000 0 und d
020
_a
978-81-265-5701-1
100
_a
Robert Parrino
245
0
_a
Corporate Finance
260
_a
India
_b
Wiley
_c
2015
300
_a
790
942
_c
BK
999
_c
899
_d
899